000
00239nam a2200109Ia 4500
008
190216s9999||||xx |||||||||||||| ||und||
100
_a
V K N
245
0
_a
Arohanam
260
_b
Mangalodhayam Publications
650
_a
Novel
942
_c
BK
999
_c
30248
_d
30248